| 000 | 00581nam a2200181 i 4500 | ||
|---|---|---|---|
| 001 | 57659 | ||
| 003 | ES-MaACL | ||
| 005 | 20230906163622.0 | ||
| 007 | t| | ||
| 008 | 031017s1979 sp ||||1| spa d | ||
| 100 | 1 |
_aDolto, Françoise. _945052 |
|
| 245 | 1 | 3 |
_aEl evangelio ante el psicoanálisis / _cFrançoise Dolto y la colaboración de Girard Sévérin ; [lo tradujo: E. de Merlo]. |
| 260 |
_aMadrid : _bCristiandad, _c[1979] |
||
| 300 |
_a154 p. ; _c18 cm. |
||
| 700 | 1 |
_aMerlo, E. de. _980581 |
|
| 700 | 1 |
_aSévérin, Girard. _9105918 |
|
| 852 |
_aES-MaACL _jA-10075 _bR.99033 |
||
| 999 |
_c57659 _d57659 |
||